| 000 | 01191cam a22002891i 4500 | ||
|---|---|---|---|
| 003 | SA-RiAUC | ||
| 005 | 20250218085058.0 | ||
| 008 | 250107s1974 ua g 00000 ara c | ||
| 040 |
_aSA-RiAUC _bara _cSA-RiAUC _erda |
||
| 041 | 1 |
_aara _hund |
|
| 082 | 0 | 4 |
_a303.4011 _qSA-RiAUC |
| 090 |
_a303.4011 _b ت و ف |
||
| 100 | 1 |
_aتوفلر، ألفين، _d1928-2016 _eمؤلف. |
|
| 245 | 1 | 0 |
_aصدمة المستقبل : _bالمتغيرات في عالم الغد / _cتأليف ألفين توفلر ؛ ترجمة محمد علي ناصف ؛ تقديم أحمد كمال أبو المجد. |
| 246 | 3 | 0 | _aالمتغيرات في عالم الغد |
| 264 | 1 |
_aالقاهرة : _bدار نهضة مصر، _c1974 |
|
| 300 |
_a515 صفحة ؛ _c24 سم |
||
| 336 |
_aنص _btxt _2rdacontent _3كتاب |
||
| 337 |
_aبدون وسيط _bn _2rdamedia |
||
| 338 |
_aمجلد _bnc _2rdacarrier |
||
| 650 | 7 |
_aالتوقعات المستقبلية _2aucsh |
|
| 650 | 7 |
_aالثقافة _2aucsh |
|
| 700 | 1 |
_aناصف، محمد علي _eمترجم. |
|
| 700 | 1 |
_aأبو المجد، أحمد كمال، _d1930-2019 _eمقدم. |
|
| 942 |
_2ddc _cBOOK _n0 |
||
| 949 |
_aSA-JeALM _d250107 _uosman123 _n1 |
||
| 999 |
_c6084 _d6084 |
||